Großstädte Kanadas - Statistiken

Allgemein
  • Dieses Quiz wurde 62 mal gespielt
  • Das Durchschnittsergebnis liegt bei 9 aus 34
Antwortstatistiken
Einwohnerzahl Stadt % Korrekt
5.647.656 Toronto
98%
3.675.219 Montreal
92%
2.426.160 Vancouver
91%
1.068.821 Ottawa
89%
1.151.635 Edmonton
75%
733.156 Québec
75%
1.305.550 Calgary
66%
758.515 Winnipeg
60%
348.634 Halifax
45%
423.369 London
40%
363.222 Victoria
32%
224.996 Regina
30%
264.637 Saskatoon
30%
729.560 Hamilton
25%
185.565 Saint John’s
21%
306.519 Windsor
15%
522.888 Kitchener
13%
127.943 Kingston
11%
181.380 Kelowna
9%
132.300 Abbotsford
6%
151.157 Sherbrooke
6%
119.785 Moncton
4%
335.949 Oshawa
4%
242.460 Saint Catharines
4%
128.057 Trois-Rivières
4%
154.676 Barrie
2%
106.079 Nanaimo
2%
104.413 Brantford
0%
144.356 Guelph
0%
137.118 Kanata
0%
124.579 Milton
0%
103.934 Saguenay
0%
100.859 Saint-Jérôme
0%
109.167 White Rock
0%
Keine übereinstimmenden Quizze gefunden
Verteilung der Resultate
Anzahl Personen mit jedem Resultat
Perzentil nach korrekt beantworteten Fragen
Ihre Resultats-Entwicklung
Sie haben dieses Quiz noch nicht gespielt